[Event "57th World Juniors 2018"]
[Site "Manavgat TUR"]
[Date "2018.09.15"]
[Round "11.15"]
[White "Martinez Alcantara, Jose Eduardo"]
[Black "Lee, Jun Hyeok"]
[Result "1/2-1/2"]
[WhiteTitle "GM"]
[BlackTitle "FM"]
[WhiteElo "2565"]
[BlackElo "2263"]
[WhiteFideId "3805662"]
[BlackFideId "13202340"]
[EventDate "2018.09.05"]

1. Nf3 Nf6 2. c4 e6 3. g3 d5 4. Bg2 Be7 5. O-O O-O 6. b3 c5 7. Bb2 Nc6 8. e3 b6
9. Nc3 Bb7 10. cxd5 Nxd5 11. Nxd5 exd5 12. d4 a5 13. Re1 Qd7 14. Rc1 Rfd8 15. a3
Qe6 16. h4 h6 17. Kh2 Bf8 18. Re2 Qe8 19. a4 Bc8 20. Rd2 Be6 21. Ne5 Nb4 22. Nd3
Nxd3 23. Rxd3 c4 24. Rd2 Rac8 25. Bf1 Bb4 26. Bc3 Ba3 27. Ra1 Bb4 28. Rc1 cxb3
29. Bxb4 Rxc1 30. Qxc1 axb4 31. Qd1 Qxa4 32. Rb2 Rc8 33. Qxb3 Qxb3 34. Rxb3 Rc2
35. Kg1 Rc1 36. Kg2 Bf5 37. Rxb4 Be4+ 38. f3 Rc2+ 39. Kg1 Bxf3 40. Rxb6 Kf8 41.
Ra6 g6 42. Ra5 Be4 43. Ra7 Kg7 44. Rb7 Ra2 45. Rc7 Rb2 46. Rc6 g5 47. hxg5 hxg5
48. Rd6 Rb1 49. Kf2 Rb2+ 50. Kg1 f6 51. Rd8 Rd2 52. Re8 Kf7 53. Rh8 Bf3 54. Rh2
Rd1 55. Rb2 Kg6 56. Kf2 Be4 57. Ke2 Rc1 58. Kf2 Kf5 59. Bh3+ g4 60. Bf1 Ra1 61.
Rb8 Ra2+ 62. Kg1 Ra1 63. Kf2 Ra2+ 64. Kg1 Ra1 1/2-1/2

[Event "57th World Juniors 2018"]
[Site "Manavgat TUR"]
[Date "2018.09.15"]
[Round "11.16"]
[White "Mohammad, Nubairshah Shaikh"]
[Black "Xu, Xiangyu"]
[Result "0-1"]
[WhiteTitle "IM"]
[BlackTitle "GM"]
[WhiteElo "2443"]
[BlackElo "2586"]
[WhiteFideId "5053196"]
[BlackFideId "8608288"]
[EventDate "2018.09.05"]

1. d4 b6 2. c4 Bb7 3. Nc3 e6 4. Qc2 g6 5. e4 Bg7 6. Nf3 Ne7 7. Be2 O-O 8. O-O d5
9. cxd5 exd5 10. exd5 Nxd5 11. Bg5 Qd6 12. Nb5 Qc6 13. Qb3 a6 14. Rac1 Qd7 15.
Nc3 Nxc3 16. Rxc3 Bd5 17. Qa3 Nc6 18. Rfc1 Nxd4 19. Nxd4 Bxd4 20. Rxc7 Bxf2+ 21.
Kxf2 Qf5+ 22. Bf3 Qxg5 23. Qe3 Qh4+ 24. Kg1 Rfe8 25. Qf2 Qxf2+ 26. Kxf2 Rad8 27.
Ra7 a5 28. Kg3 Bxa2 29. b4 Re5 30. bxa5 bxa5 31. Rc3 Rg5+ 32. Kf4 Rf5+ 33. Kg3
Rd2 34. Ra3 Rg5+ 35. Kf4 Rgxg2 36. Bxg2 Rxg2 37. R7xa5 Be6 38. h3 Rh2 39. Kg5
Kg7 40. Re3 Bxh3 41. Ra7 Rg2+ 42. Kf4 Rg4+ 43. Kf3 h5 44. Kf2 Rg2+ 45. Ke1 Rh2
46. Ree7 Rh1+ 47. Ke2 Bf1+ 48. Ke3 Bc4 49. Kd4 Rh4+ 50. Ke5 Rg4 51. Re8 h4 52.
Raa8 Kh6 53. Ra4 Kg5 54. Rh8 Be6 55. Ra5 Rf4 56. Ra1 h3 57. Rd1 Rh4 58. Rg1+ Bg4
59. Rxh4 Kxh4 60. Kf6 Bf3 61. Kxf7 h2 62. Re1 g5 0-1

[Event "57th World Juniors 2018"]
[Site "Manavgat TUR"]
[Date "2018.09.15"]
[Round "11.17"]
[White "Santos Ruiz, Miguel"]
[Black "Lagunow, Raphael"]
[Result "1/2-1/2"]
[WhiteTitle "GM"]
[BlackTitle "FM"]
[WhiteElo "2524"]
[BlackElo "2403"]
[WhiteFideId "22291482"]
[BlackFideId "24652644"]
[EventDate "2018.09.05"]

1. Nf3 Nf6 2. c4 e6 3. b3 d5 4. Bb2 Be7 5. e3 O-O 6. Nc3 c5 7. cxd5 exd5 8. d4
Nc6 9. Be2 Bg4 10. dxc5 Bxc5 11. O-O Rc8 12. Rc1 Be7 13. Nd4 Bxe2 14. Ncxe2 Qd7
15. Qd3 Ne4 16. Rfd1 Rfd8 17. f3 Nc5 18. Qf5 Ne6 19. Nxc6 Rxc6 20. Kf2 Bc5 21.
Nd4 Bxd4 22. Bxd4 Nxd4 23. Qxd7 Rxd7 24. exd4 Rdc7 25. Rxc6 Rxc6 26. Ke3 f6 27.
Kd3 Kf7 28. Re1 Rc7 1/2-1/2

[Event "57th World Juniors 2018"]
[Site "Manavgat TUR"]
[Date "2018.09.15"]
[Round "11.18"]
[White "Escalante Ramirez, Brian Sebasti"]
[Black "Sanal, Vahap"]
[Result "0-1"]
[WhiteTitle "IM"]
[BlackTitle "GM"]
[WhiteElo "2436"]
[BlackElo "2502"]
[WhiteFideId "3819566"]
[BlackFideId "6300545"]
[EventDate "2018.09.05"]

1. e4 e5 2. Nf3 Nc6 3. Bc4 Bc5 4. O-O Nf6 5. d4 Bxd4 6. Nxd4 Nxd4 7. Bg5 d6 8.
f4 h6 9. Bxf6 gxf6 10. f5 h5 11. a4 a6 12. Ra3 Bd7 13. Ba2 h4 14. a5 Qb8 15. Rh3
Qa7 16. Rf2 Ke7 17. c3 Nc6 18. b4 Rag8 19. Nd2 Rg7 20. Nc4 Kd8 21. Rd3 Rhg8 22.
Kf1 Qxf2+ 23. Kxf2 Rxg2+ 24. Ke3 Rxh2 25. Nd2 Rg3+ 26. Nf3 Rxa2 27. Qb3 Rgg2 28.
Nxh4 Rh2 29. Qxf7 Be8 30. Qxf6+ Ne7 31. Rd1 Rh3+ 32. Nf3 Bh5 33. Qh8+ Kd7 34.
Rf1 Re2+ 35. Kd3 Reh2 36. Qg7 Bxf3 37. Rxf3 Rxf3+ 38. Kc4 Rc2 0-1

[Event "57th World Juniors 2018"]
[Site "Manavgat TUR"]
[Date "2018.09.15"]
[Round "11.19"]
[White "Bellahcene, Bilel"]
[Black "Gokerkan, Cem Kaan"]
[Result "1/2-1/2"]
[WhiteTitle "GM"]
[BlackTitle "IM"]
[WhiteElo "2501"]
[BlackElo "2416"]
[WhiteFideId "696358"]
[BlackFideId "6336760"]
[EventDate "2018.09.05"]

1. e4 c5 2. Nf3 d6 3. d4 cxd4 4. Nxd4 Nf6 5. Nc3 a6 6. h4 e5 7. Nb3 b5 8. a4 b4
9. Nd5 Bb7 10. Bc4 Nbd7 11. Bg5 Qc8 12. Qd3 Nxd5 13. Bxd5 Bxd5 14. exd5 Nc5 15.
Nxc5 Qxc5 16. a5 Be7 17. Ra4 Rb8 18. Qxa6 Bxg5 19. hxg5 Qxd5 20. O-O O-O 21. Qe2
Qb5 22. Qxb5 Rxb5 23. a6 Ra8 24. a7 Kf8 25. Rfa1 Ke7 26. Kf1 Ke6 27. Ra6 Rb7 28.
g4 Rc7 29. R1a4 f5 30. gxf6 gxf6 31. Ke1 f5 32. f3 fxg4 33. fxg4 Rg7 34. c3 bxc3
35. bxc3 Rc7 36. Kd2 Kd7 37. c4 Rb7 38. Kd3 Rb3+ 39. Kc2 Rg3 40. c5 dxc5 41. Rh6
Kc7 42. Raa6 Kb7 43. Rhb6+ Kc7 44. Rh6 Kb7 45. Rhb6+ 1/2-1/2

[Event "57th World Juniors 2018"]
[Site "Manavgat TUR"]
[Date "2018.09.15"]
[Round "11.20"]
[White "Thybo, Jesper Sondergaard"]
[Black "Nikitenko, Mihail"]
[Result "1/2-1/2"]
[WhiteTitle "IM"]
[BlackTitle "IM"]
[WhiteElo "2499"]
[BlackElo "2368"]
[WhiteFideId "1438832"]
[BlackFideId "13506862"]
[EventDate "2018.09.05"]

1. d4 d5 2. c4 c6 3. Nf3 Nf6 4. e3 e6 5. Nbd2 Nbd7 6. b3 Bd6 7. Bb2 b6 8. Bd3
Bb7 9. O-O O-O 10. Qe2 Qe7 11. Rad1 Rad8 12. e4 dxe4 13. Nxe4 Nxe4 14. Qxe4 Nf6
15. Qh4 h6 16. Rfe1 Rfe8 17. g4 Nh7 18. Bxh7+ Kxh7 19. g5 f6 20. gxh6 g5 21.
Qe4+ Kxh6 22. h4 g4 23. Qxg4 Rg8 24. Bc1+ Kh7 25. Ng5+ fxg5 26. Qh5+ Kg7 27.
Bxg5 Kf8 28. Kf1 Qf7 29. Qh6+ Qg7 30. Qxg7+ Kxg7 31. Bxd8 Rxd8 32. Rxe6 Bc8 33.
Re3 Kf6 34. d5 c5 35. Rde1 Bd7 36. Rf3+ Kg6 37. Rfe3 Kh5 38. Ke2 b5 39. Rg1 Kh6
40. Rf3 Be5 41. Rf7 a5 42. Rg5 Bd4 43. f4 Be8 44. Rb7 Rd6 45. Kf3 bxc4 46. bxc4
Bh5+ 47. Ke4 Be2 48. Re5 Rd8 49. Rb6+ Kg7 50. Rg5+ Kf7 51. Rf5+ Kg7 52. Rb7+ Kg8
53. Rg5+ Kf8 54. Rf5+ Kg8 55. h5 Bxc4 56. h6 Bxa2 57. d6 a4 58. Rg5+ Kh8 59. Rg2
Bc4 60. Rc2 Bb3 61. Rg2 Be6 62. f5 Bd7 63. Rc7 Re8+ 64. Kf4 Be5+ 65. Kg4 Rg8+
66. Kf3 Rxg2 67. Kxg2 Bxf5 68. Rxc5 Be4+ 69. Kh3 Bxd6 70. Rc4 Bf5+ 71. Kh4 Be7+
72. Kg3 a3 73. Ra4 Kg8 74. Kf4 Bb1 75. Ra8+ Kf7 76. h7 Bxh7 77. Ke3 Bb1 78. Kd2
a2 79. Kc1 Ke6 80. Ra6+ Kf5 81. Kb2 1/2-1/2

[Event "57th World Juniors 2018"]
[Site "Manavgat TUR"]
[Date "2018.09.15"]
[Round "11.21"]
[White "Raja, Harshit"]
[Black "Sadikhov, Ulvi"]
[Result "1/2-1/2"]
[WhiteTitle "IM"]
[BlackTitle "IM"]
[WhiteElo "2419"]
[BlackElo "2491"]
[WhiteFideId "5089000"]
[BlackFideId "13401416"]
[EventDate "2018.09.05"]

1. e4 c5 2. Nf3 Nc6 3. d4 cxd4 4. Nxd4 Qb6 5. Nb3 Nf6 6. Nc3 e6 7. Qe2 d6 8. g4
Be7 9. g5 Nd7 10. h4 a6 11. h5 Qc7 12. Rh3 Nc5 13. Be3 b5 14. g6 fxg6 15. hxg6
h6 16. Bxh6 Bf6 17. Be3 Rxh3 18. Bxh3 Na4 19. Nxa4 bxa4 20. Nd2 a3 21. Qh5 axb2
22. Rb1 Nb4 23. Qh8+ Kd7 24. Qg8 Nxc2+ 25. Ke2 Nxe3 26. fxe3 Kc6 27. Bxe6 Bb7
28. Bd5+ Kb6 29. Qf7 Qxf7 30. gxf7 Bxd5 31. exd5 Kb5 32. Kd3 Rf8 33. Ne4 Be5 34.
Nc3+ Kc5 35. Rxb2 Rxf7 36. Rb8 Bxc3 37. Kxc3 Kxd5 38. Ra8 g5 39. Rxa6 g4 40. Kd3
Rg7 41. Rb6 g3 42. Rb1 Ke5 43. Ke2 Rf7 44. Rf1 Ra7 45. Kf3 Rxa2 46. Kxg3 Ke4 47.
Rd1 Ra6 48. Kf2 Ra2+ 49. Kg3 Kxe3 1/2-1/2

[Event "57th World Juniors 2018"]
[Site "Manavgat TUR"]
[Date "2018.09.15"]
[Round "11.22"]
[White "Sindarov, Javokhir"]
[Black "Schitco, Ivan"]
[Result "1-0"]
[WhiteTitle "IM"]
[BlackTitle "FM"]
[WhiteElo "2484"]
[BlackElo "2358"]
[WhiteFideId "14205483"]
[BlackFideId "13905465"]
[EventDate "2018.09.05"]

1. e4 c6 2. Nf3 d5 3. exd5 cxd5 4. d4 Nf6 5. Ne5 Nc6 6. Bb5 Bd7 7. Nxd7 Qxd7 8.
c3 e6 9. O-O Bd6 10. f4 Ne4 11. Nd2 f5 12. Nf3 O-O 13. Bd3 a6 14. a4 Rab8 15.
Qe2 Na5 16. Be3 Qc7 17. g3 Nc4 18. Bxc4 dxc4 19. a5 Qc6 20. Rfd1 Nf6 21. Bf2
Rfe8 22. Nd2 Rbc8 23. Ra2 Re7 24. Rda1 Qb5 25. Nf3 h6 26. Ra4 Nd5 27. R1a2 Kf7
28. h4 Nf6 29. Nd2 Rec7 30. h5 Rc6 31. b3 cxb3 32. c4 bxa2 33. cxb5 Rc1+ 34. Kg2
a1=Q 35. Rxa1 Rxa1 36. Nc4 Ba3 37. bxa6 bxa6 38. Ne5+ Ke7 39. Qxa6 Rac1 40. Qb5
R1c2 41. a6 Rb2 42. Qa4 Bd6 43. a7 Rd2 44. Nc4 Rxc4 45. Qxc4 Ng4 46. Kg1 Rd1+
47. Qf1 Nxf2 48. Kxf2 Rd2+ 49. Qe2 1-0

[Event "57th World Juniors 2018"]
[Site "Manavgat TUR"]
[Date "2018.09.15"]
[Round "11.23"]
[White "Haldorsen, Benjamin"]
[Black "Zhao, Chenxi"]
[Result "1/2-1/2"]
[WhiteTitle "FM"]
[WhiteElo "2461"]
[BlackElo "2275"]
[WhiteFideId "1512633"]
[BlackFideId "8611513"]
[EventDate "2018.09.05"]

1. e4 b6 2. d4 Bb7 3. Bd3 Nf6 4. Nd2 d6 5. Ngf3 g6 6. O-O Bg7 7. Re1 O-O 8. a4
Nc6 9. d5 Nb4 10. Bf1 c5 11. c3 Na6 12. Nc4 Nc7 13. Bg5 h6 14. Bh4 Re8 15. h3
Ba6 16. Qc2 Nh5 17. Rad1 g5 18. Bg3 Nxg3 19. fxg3 Bb7 20. Ne3 Bc8 21. g4 a6 22.
b4 e6 23. bxc5 bxc5 24. e5 Nxd5 25. Nxd5 exd5 26. Rxd5 Bb7 27. Rxd6 Qc7 28. Bc4
Bxf3 29. gxf3 Rxe5 30. Rxe5 Qxd6 31. Rf5 Qg3+ 32. Qg2 Qe1+ 33. Qf1 Qxc3 34. Rxf7
Kh8 35. Qe2 Rb8 36. Rb7 Bd4+ 37. Kg2 Rxb7 38. Qe8+ Kg7 39. Qg8+ Kf6 40. Qe6+ Kg7
41. Qg8+ 1/2-1/2

[Event "57th World Juniors 2018"]
[Site "Manavgat TUR"]
[Date "2018.09.15"]
[Round "11.24"]
[White "Schekachikhin, Maksim"]
[Black "Jarmula, Lukasz"]
[Result "1-0"]
[WhiteTitle "IM"]
[BlackTitle "IM"]
[WhiteElo "2356"]
[BlackElo "2504"]
[WhiteFideId "24177830"]
[BlackFideId "1160664"]
[EventDate "2018.09.05"]

1. d4 Nf6 2. c4 e6 3. Nc3 Bb4 4. Qc2 O-O 5. Nf3 c5 6. dxc5 Na6 7. g3 Nxc5 8. Bg2
Nce4 9. O-O Nxc3 10. bxc3 Be7 11. e4 d6 12. e5 dxe5 13. Nxe5 Qc7 14. Qe2 Bd6 15.
Bf4 Ne8 16. Rfd1 f6 17. Nd3 Qxc4 18. Qb2 Rb8 19. Be3 b6 20. Qb3 Qc7 21. Nb4 Bxb4
22. cxb4 Kh8 23. Qd3 Bb7 24. Rac1 Qe7 25. Bxb7 Rxb7 26. Rc8 Kg8 27. b5 Nc7 28.
Rxf8+ Kxf8 29. Bc1 Kg8 30. Ba3 Qf7 31. Qd8+ Ne8 32. Qa8 Rd7 33. Rc1 Qg6 34. Rc8
Kf7 35. Rxe8 Rd1+ 36. Kg2 Qb1 37. Re7+ Kg6 38. Qf3 h5 39. Rxe6 Rg1+ 40. Kh3 Qxb5
41. Qe4+ Qf5+ 42. Qxf5+ Kxf5 43. Rc6 Ke4 44. Rc1 Rxc1 45. Bxc1 Kf3 46. Kh4 g5+
47. Kxh5 Kxf2 48. Kg4 1-0

[Event "57th World Juniors 2018"]
[Site "Manavgat TUR"]
[Date "2018.09.15"]
[Round "11.25"]
[White "Sawlin, Leonid"]
[Black "Repka, Christopher"]
[Result "1-0"]
[WhiteTitle "FM"]
[BlackTitle "GM"]
[WhiteElo "2355"]
[BlackElo "2523"]
[WhiteFideId "4689542"]
[BlackFideId "14918781"]
[EventDate "2018.09.05"]

1. e4 c5 2. Nf3 d6 3. d4 cxd4 4. Nxd4 Nf6 5. Nc3 a6 6. f3 e5 7. Nb3 Be6 8. Be3
h5 9. Nd5 Nxd5 10. exd5 Bf5 11. Bd3 Bxd3 12. Qxd3 Be7 13. f4 Nd7 14. O-O-O Rc8
15. Kb1 b5 16. Qd2 exf4 17. Bxf4 Nb6 18. Qe2 O-O 19. Qxh5 Bf6 20. Rd3 g6 21. Qf3
Re8 22. Rf1 Nc4 23. Bc1 Kg7 24. Qf4 g5 25. Rg3 Ne5 26. Qf5 1-0

[Event "57th World Juniors 2018"]
[Site "Manavgat TUR"]
[Date "2018.09.15"]
[Round "11.26"]
[White "Lorparizangeneh, Shahin"]
[Black "Murzin, Volodar"]
[Result "1-0"]
[WhiteTitle "GM"]
[BlackTitle "FM"]
[WhiteElo "2491"]
[BlackElo "2349"]
[WhiteFideId "12521604"]
[BlackFideId "44155573"]
[EventDate "2018.09.05"]

1. e4 c5 2. Nf3 d6 3. Bb5+ Nd7 4. Ba4 Nf6 5. O-O a6 6. c4 e5 7. d3 Be7 8. Nc3
O-O 9. h3 Nb8 10. a3 Nc6 11. Rb1 a5 12. Nh2 Nd7 13. Ng4 Nb6 14. Bb5 Nd4 15. f4
exf4 16. Bxf4 f5 17. exf5 Bxf5 18. Ne3 Be6 19. Nc2 Bf6 20. Nxd4 Bxd4+ 21. Kh1
Qh4 22. Qe1 Rxf4 23. Qxe6+ Kh8 24. Qxd6 Rf6 25. Rxf6 Qxf6 26. Qxf6 gxf6 27. Re1
Be5 28. Ne4 Rc8 29. g4 h6 30. Rb1 Na8 31. b4 cxb4 32. axb4 axb4 33. Rxb4 b6 34.
Kg2 Rd8 35. Bc6 Nc7 36. Nf2 Bd4 37. Be4 Ne6 38. Bf5 Bc5 39. Ra4 Nd4 40. Be4 Rd7
41. Ra2 Kg7 42. h4 Re7 43. Nh3 h5 44. g5 f5 45. Bd5 Re2+ 46. Rxe2 Nxe2 47. Bf3
Nc1 48. Nf4 Bd6 49. Nxh5+ Kg6 50. Nf6 Be5 51. Nd5 Nxd3 52. Ne7+ Kf7 53. Nxf5
Nf4+ 54. Kg3 Ne6+ 55. Kg4 Nd4 56. Bd5+ Kf8 57. h5 1-0

[Event "57th World Juniors 2018"]
[Site "Manavgat TUR"]
[Date "2018.09.15"]
[Round "11.27"]
[White "Gorshtein, Ido"]
[Black "Tutisani, Noe"]
[Result "1-0"]
[WhiteTitle "FM"]
[BlackTitle "IM"]
[WhiteElo "2383"]
[BlackElo "2471"]
[WhiteFideId "2815532"]
[BlackFideId "13602853"]
[EventDate "2018.09.05"]

1. e4 e5 2. Nf3 Nc6 3. Bb5 a6 4. Ba4 d6 5. c3 f5 6. d3 Be7 7. Nbd2 Bf6 8. O-O f4
9. d4 Bd7 10. Bxc6 Bxc6 11. dxe5 dxe5 12. Nxe5 Ne7 13. Nxc6 Nxc6 14. Qb3 Qd7 15.
Nf3 Ne5 16. Nxe5 Bxe5 17. Rd1 Qe7 18. f3 c6 19. Rd3 Bd6 20. Bd2 O-O-O 21. Kh1 g5
22. Rd1 g4 23. Be1 h5 24. Bh4 Qxh4 25. Qe6+ Kb8 26. Rxd6 gxf3 27. gxf3 Rdg8 28.
Qe5 Ka8 29. Qf6 Qh3 30. Rd8+ Rxd8 31. Rxd8+ Rxd8 32. Qxd8+ Ka7 33. Qd4+ Kb8 34.
Qf2 Kc7 35. Kg1 Qe6 36. a3 Qh3 37. Qg2 Qd7 38. Qe2 h4 39. Kf1 h3 40. Ke1 Qg7 41.
Qf2 Qg5 42. b4 b6 43. a4 a5 44. bxa5 bxa5 45. Qd4 c5 46. Qf2 Qe5 47. Kd2 Qg5 48.
Kd3 Qh5 49. Kc2 Qg5 50. Kb3 Qg8+ 51. Ka3 Qg5 52. Qd2 Qe5 53. Qd3 Qg7 54. Qc4 Qe5
55. Kb3 Qh5 56. Qd3 Qg5 57. Qd5 Qg1 58. Qe5+ Kb6 59. Qd6+ Kb7 60. Qxf4 Qd1+ 61.
Kb2 Qe2+ 62. Ka3 c4 63. Qf7+ Kb6 64. Qe6+ Kc7 65. Qe5+ Kd7 66. Qf5+ Ke7 67. Qxh3
Qc2 68. Qh7+ Kf8 1-0

[Event "57th World Juniors 2018"]
[Site "Manavgat TUR"]
[Date "2018.09.15"]
[Round "11.28"]
[White "Can, Isik"]
[Black "Makhnev, Denis"]
[Result "1-0"]
[WhiteTitle "FM"]
[BlackTitle "IM"]
[WhiteElo "2361"]
[BlackElo "2449"]
[WhiteFideId "6383742"]
[BlackFideId "13707647"]
[EventDate "2018.09.05"]

1. e4 e5 2. Nf3 Nc6 3. Bb5 Nf6 4. d3 Bc5 5. Bxc6 dxc6 6. h3 Bd6 7. Nc3 c5 8. Nd2
Be6 9. Nc4 Nd7 10. O-O O-O 11. Nxd6 cxd6 12. f4 exf4 13. Bxf4 Qb6 14. Na4 Qc6
15. c4 f5 16. exf5 Rxf5 17. Nc3 d5 18. b3 Raf8 19. Qd2 a6 20. Rae1 R5f6 21. Rxe6
Qxe6 22. Nxd5 g5 23. Re1 gxf4 24. Rxe6 Rxe6 25. Nxf4 Rd6 26. Nd5 Kg7 27. Qe3 Rf7
28. Nf4 b6 29. Ne6+ Kh8 30. Ng5 1-0

[Event "57th World Juniors 2018"]
[Site "Manavgat TUR"]
[Date "2018.09.15"]
[Round "11.29"]
[White "Baenziger, Fabian"]
[Black "Janik, Igor"]
[Result "1/2-1/2"]
[WhiteTitle "IM"]
[BlackTitle "IM"]
[WhiteElo "2360"]
[BlackElo "2447"]
[WhiteFideId "1330110"]
[BlackFideId "1159259"]
[EventDate "2018.09.05"]

1. Nf3 d6 2. d4 g6 3. g3 Bg7 4. Bg2 c5 5. O-O cxd4 6. Nxd4 Nf6 7. c4 O-O 8. Nc3
Nbd7 9. b3 Nc5 10. Bb2 Bd7 11. Rc1 Rb8 12. Qd2 a6 13. b4 Ne6 14. Nxe6 Bxe6 15.
Nd5 Bxd5 16. Bxd5 b5 17. Bg2 bxc4 18. Rxc4 Qb6 19. Rfc1 d5 20. Rc6 Qb5 21. Bxf6
Bxf6 22. R6c5 Qxb4 23. Qxb4 Rxb4 24. Bxd5 Rd8 25. Rc8 Rb8 26. Bb7 Rdxc8 27.
Rxc8+ Rxc8 28. Bxc8 a5 29. a4 Bc3 30. Bd7 e6 31. e3 Kf8 1/2-1/2

[Event "57th World Juniors 2018"]
[Site "Manavgat TUR"]
[Date "2018.09.15"]
[Round "11.30"]
[White "Batsuren, Dambasuren"]
[Black "Agibileg, Uurtsaikh"]
[Result "1-0"]
[WhiteTitle "IM"]
[WhiteElo "2446"]
[BlackElo "2321"]
[WhiteFideId "4902920"]
[BlackFideId "4901606"]
[EventDate "2018.09.05"]

1. d4 Nf6 2. c4 g6 3. Nc3 Bg7 4. Nf3 O-O 5. g3 d6 6. Bg2 Nbd7 7. O-O e5 8. e4
exd4 9. Nxd4 Re8 10. h3 Nc5 11. Re1 Bd7 12. Bf4 h6 13. Kh2 Nh7 14. Qd2 Ng5 15.
Rad1 a5 16. h4 Nge6 17. Nxe6 Bxe6 18. Bxh6 Bxh6 19. Qxh6 Bxc4 20. b3 Nd3 21.
bxc4 Nxf2 22. Qf4 Nxd1 23. Nxd1 a4 24. Ne3 Ra5 25. Rf1 Rf8 26. Ng4 Qe7 27. Qh6
f6 28. Qxg6+ Qg7 29. Rxf6 Qxg6 30. Rxg6+ Kf7 31. Rf6+ Kg7 32. e5 dxe5 33. Rxf8
Kxf8 34. Bxb7 a3 35. Bc6 e4 36. Bb5 Ke7 37. h5 Kd6 38. h6 Ra8 39. c5+ Kxc5 40.
Bd7 Kd4 41. Kg2 Rf8 42. h7 e3 43. Nh2 Ke5 44. Bb5 Kf6 45. Kf3 Kg7+ 46. Kxe3 Kxh7
47. Nf3 Rg8 48. Bd3+ Kh8 49. Kf4 Rb8 50. Ne5 Kg7 51. g4 Rb2 52. Bc4 Rf2+ 53. Kg3
Rf8 54. Nd3 Kf6 55. Kf4 Kg6+ 56. Ke5 Kg5 57. Be6 Rf1 58. Nc5 Ra1 59. Ne4+ Kg6
60. Kd4 Rc1 61. Bf5+ Kg7 62. g5 Rc2 63. Nc3 Rg2 64. g6 Kf6 65. Be4 Rg3 66. Nd5+
Ke6 67. Nxc7+ Kd6 68. Nb5+ Kd7 69. Ke5 Ke7 70. Nd4 Kd7 71. Kf6 Rg1 72. g7 Kd6
73. Bg6 Kc5 74. Ne6+ Kb4 75. g8=Q Kc3 76. Qc8+ Kb2 77. Qc2+ Ka1 78. Qc3+ Kxa2
79. Qd2+ Ka1 80. Qd4+ 1-0

[Event "57th World Juniors 2018"]
[Site "Manavgat TUR"]
[Date "2018.09.15"]
[Round "11.31"]
[White "Kalogeris, Ioannis"]
[Black "Haria, Ravi"]
[Result "0-1"]
[BlackTitle "IM"]
[WhiteElo "2352"]
[BlackElo "2442"]
[WhiteFideId "4239563"]
[BlackFideId "415820"]
[EventDate "2018.09.05"]

1. Nf3 Nf6 2. g3 d5 3. Bg2 e6 4. O-O Be7 5. d3 b6 6. c4 Bb7 7. cxd5 exd5 8. Nh4
O-O 9. Nf5 Re8 10. Nxe7+ Qxe7 11. Nc3 h6 12. Bf4 Na6 13. Re1 Rad8 14. Rc1 c5 15.
d4 g5 16. Bd2 Nc7 17. dxc5 bxc5 18. Qa4 Ne6 19. Nb1 Rd6 20. Na3 Ra6 21. Qd1 d4
22. e4 dxe3 23. Rxe3 Bxg2 24. Kxg2 Rd8 25. Nc4 Nd5 26. Re5 Qb7 27. Kg1 Nb4 28.
Rc3 Rxa2 29. h4 Nd3 30. Re3 Nxb2 31. Qb1 Qa6 32. Rxe6 Qxe6 33. Qxa2 Rxd2 34. Rc1
Qd5 35. g4 Nxc4 36. Qxc4 Rd1+ 37. Kh2 Rh1+ 38. Kg3 Rg1+ 0-1

[Event "57th World Juniors 2018"]
[Site "Manavgat TUR"]
[Date "2018.09.15"]
[Round "11.32"]
[White "Sibashvili, Giorgi"]
[Black "Pang, Tao"]
[Result "1/2-1/2"]
[WhiteTitle "IM"]
[WhiteElo "2425"]
[BlackElo "2290"]
[WhiteFideId "13602799"]
[BlackFideId "8609950"]
[EventDate "2018.09.05"]

1. Nf3 d5 2. b3 c5 3. e3 Nc6 4. Bb5 Nf6 5. Bb2 e6 6. c4 Bd7 7. O-O a6 8. Bxc6
Bxc6 9. Ne5 Rc8 10. Nxc6 Rxc6 11. Bxf6 Qxf6 12. cxd5 exd5 13. Nc3 Qf5 14. Re1
Be7 15. Qb1 Qd7 16. e4 dxe4 17. Qxe4 Re6 18. Qd5 Qxd5 19. Nxd5 Bd6 20. Rxe6+
fxe6 21. Nc3 Kf7 22. Ne4 Be7 23. Rc1 Rd8 24. Nxc5 Rxd2 25. Nxb7 Rxa2 26. Kf1 Rb2
27. Na5 Bb4 28. Nc6 Rxb3 29. Nxb4 Rxb4 30. Rc7+ Kf6 31. Ra7 Ra4 32. g3 e5 33.
Ke2 h6 34. h4 g6 35. Ke3 g5 36. hxg5+ hxg5 37. f3 Ra3+ 38. Ke4 Ra1 39. g4 Ke6
40. Rg7 Ra4+ 41. Ke3 Kf6 42. Ra7 1/2-1/2

[Event "57th World Juniors 2018"]
[Site "Manavgat TUR"]
[Date "2018.09.15"]
[Round "11.33"]
[White "Wadsworth, Matthew J"]
[Black "Zarubitski, Viachaslau"]
[Result "0-1"]
[WhiteTitle "FM"]
[BlackTitle "IM"]
[WhiteElo "2351"]
[BlackElo "2425"]
[WhiteFideId "415804"]
[BlackFideId "13509373"]
[EventDate "2018.09.05"]

1. c4 c6 2. Nf3 d5 3. g3 Nf6 4. Bg2 dxc4 5. O-O Nbd7 6. Na3 Nb6 7. Ne5 Be6 8.
Qc2 h5 9. h4 Qd4 10. Nxc6 bxc6 11. Bxc6+ Kd8 12. Bxa8 Nxa8 13. d3 cxd3 14. Rd1
dxc2 15. Rxd4+ Bd7 16. Be3 Ng4 17. Bd2 Nb6 18. Ba5 Rh6 19. Rc1 e5 20. Rc4 Bd6
21. R4xc2 Ke7 22. Bd2 Rh8 23. f3 Nf6 24. e4 Nh7 25. Be3 Nf8 26. Kg2 Ne6 27. Rd2
Rc8 28. Rxc8 Nxc8 29. Nc4 Bc7 30. b4 Nb6 31. Na5 g6 32. a3 f5 33. Rc2 fxe4 34.
fxe4 Ba4 35. Rc1 Bd6 36. Nc6+ Bxc6 37. Rxc6 Nd4 38. Rc1 Ke6 39. g4 hxg4 40. Rf1
Nc4 41. Bg5 Nf3 42. Kg3 Nxa3 43. Ra1 Nxg5 44. Rxa3 Nxe4+ 45. Kxg4 Bxb4 46. Rxa7
Bd2 47. Ra6+ Nd6 48. h5 gxh5+ 49. Kxh5 e4 50. Kg4 Ke5 51. Ra4 Nf5 52. Ra8 Ne3+
53. Kg3 Be1+ 54. Kh3 Kf4 55. Rf8+ Nf5 56. Kg2 e3 57. Re8 Bh4 58. Re6 Nd4 59. Re8
e2 60. Rxe2 Nxe2 61. Kf1 Ke3 62. Kg2 Nf4+ 63. Kf1 Kf3 64. Kg1 Bg3 65. Kh1 Nd3
66. Kg1 Nf2 67. Kf1 Bh2 68. Ke1 Ne4 69. Kd1 Ke3 70. Kc2 Nd2 71. Kc3 Bd6 72. Kc2
Ke2 73. Kc3 Bc5 74. Kc2 Bb4 75. Kc1 Kd3 76. Kd1 Nc4 77. Kc1 Bd2+ 78. Kb1 Kc3 0-1

[Event "57th World Juniors 2018"]
[Site "Manavgat TUR"]
[Date "2018.09.15"]
[Round "11.34"]
[White "Ozen, Bahadir"]
[Black "Muradli, Mahammad"]
[Result "0-1"]
[WhiteTitle "FM"]
[BlackTitle "IM"]
[WhiteElo "2326"]
[BlackElo "2407"]
[WhiteFideId "6337058"]
[BlackFideId "13409301"]
[EventDate "2018.09.05"]

1. d4 d6 2. Nf3 g6 3. c4 Bg7 4. Nc3 Nf6 5. e4 O-O 6. Be2 c6 7. O-O e5 8. dxe5
dxe5 9. Be3 Qe7 10. a3 Rd8 11. Qc2 Bg4 12. b4 Bxf3 13. Bxf3 Nbd7 14. Na4 Nf8 15.
Nc5 b6 16. Nb3 Ne6 17. c5 Nd4 18. Bxd4 exd4 19. Rad1 bxc5 20. Qxc5 Qxc5 21. bxc5
Nd7 22. Nxd4 Bxd4 23. Rxd4 Nxc5 24. Rxd8+ Rxd8 25. Rc1 Rb8 26. Kf1 Ne6 27. Ke1
Rb3 28. Rxc6 Rxa3 29. Bg4 Nf4 30. Bf3 h5 31. h4 Kg7 32. Kd2 Nd3 33. Rc7 Nxf2 34.
e5 Kf8 35. Rc8+ Ke7 36. Bc6 Ke6 37. Re8+ Kf5 38. e6 Ra2+ 39. Ke3 Nd1+ 40. Kd3
fxe6 41. Rf8+ Ke5 42. Rg8 Kf6 43. Rf8+ Ke7 44. Rg8 Kf7 45. Ra8 Ra3+ 46. Ke4 Ne3
47. Kf4 Nf5 48. g4 hxg4 49. Kxg4 Kf6 0-1